神的故事,你的故事 / (Record no. 38648)
[ view plain ]
| 000 -LEADER | |
|---|---|
| fixed length control field | 00501cam a2200193L r4500 |
| 001 - CONTROL NUMBER | |
| control field | 2000003177 |
| 003 - CONTROL NUMBER IDENTIFIER | |
| control field | ChTaNC |
| 005 - DATE AND TIME OF LATEST TRANSACTION | |
| control field | 20170220094108.0 |
| 008 - FIXED-LENGTH DATA ELEMENTS--GENERAL INFORMATION | |
| fixed length control field | |
| 020 ## - INTERNATIONAL STANDARD BOOK NUMBER | |
| International Standard Book Number | 9781932184747 |
| 050 ## - LIBRARY OF CONGRESS CALL NUMBER | |
| Classification number | BS511.3 |
| 084 ## - OTHER CLASSIFICATION NUMBER | |
| Classification number | 242.1 |
| Item number | 2140 |
| 100 1# - MAIN ENTRY--PERSONAL NAME | |
| Personal name | 卡森 |
| Relator term | 主講 |
| Titles and other words associated with a name | (Carson, D. A) |
| 9 (RLIN) | 144 |
| 245 10 - TITLE STATEMENT | |
| Title | 神的故事,你的故事 / |
| Statement of responsibility, etc | 卡森(D. A Carson)主講 |
| 260 ## - PUBLICATION, DISTRIBUTION, ETC. (IMPRINT) | |
| Place of publication, distribution, etc | 美國 : |
| Name of publisher, distributor, etc | 麥種 |
| 300 ## - PHYSICAL DESCRIPTION | |
| Extent | 5片DVD |
| 490 1# - SERIES STATEMENT | |
| Series statement | 種子系列 |
| 942 ## - ADDED ENTRY ELEMENTS (KOHA) | |
| Item type | Books |
| Source of classification or shelving scheme | Library of Congress Classification |
| Koha issues (borrowed), all copies | 1 |
| Withdrawn status | Lost status | Source of classification or shelving scheme | Damaged status | Not for loan | Home library | Current library | Date acquired | Accession number | Total Checkouts | Full call number | Barcode | Date last seen | Date last borrowed | Price effective from | Koha item type |
|---|---|---|---|---|---|---|---|---|---|---|---|---|---|---|---|
| Library of Congress Classification | BSOP Library | BSOP Library | 07/01/2015 | C-13524 | 1 | CH BS511.3 C37 | 00045665 | 03/13/2017 | 02/20/2017 | 07/01/2015 | Books |
